MDQL
is popping MORE tags! Check the
thread
!
Quizzes
Events
Quiz Creation
Community
Videos
Private Events
Remove Ads
Sign In
Join for FREE
Feedback
Dark Mode
Quiz Categories
Sports
Geography
Music
Movies
Television
Just For Fun
Miscellaneous
History
Literature
Language
Science
Gaming
Entertainment
Religion
Holiday
For Kids
Quiz Lab
Recent
Popular Today
Quiz Kudos Today
Editor Picks
Curator Picks
Quizzes by...
Day
Popularity
Type
Ratings
Length
Year
Community
Subscriptions
Recent Discussions
Orange Saloon
Badges
Playlists
Quests
Create
Leaderboards
Showdown
Live 5
Trivia Bingo
Activity
Puzzle Library
Sporcle Events
Private Events
Virtual Trivia
Globe League
Become a Host
Pub Owners
SporcleCon
Opinionation
Our Games
Videos
Blog
Mobile Apps
Partnerships
Remove Ads and Go Orange
Feedback
Science
Computer
Plants
Astronomy
Chemistry
Elements
Math
Animal
Physics
Anatomy
Biology
Geology
General Science
Science
Computer
Plants
Astronomy
Chemistry
Elements
Math
Animal
Physics
Anatomy
Biology
Geology
General Science
Random Quiz
Search Sporcle
×
Quiz Lab
Quiz Lab
Science
German
Type in answers that appear in a list
Type in answers that appear in a list
Classic
Best Score? Go Orange.
German Inventors and Discoverers Stats
Can you name the German inventors and discoverers?
By
SteffiWeffi
10m
19 Questions
65 Plays
65 Plays
65 Plays
Comments
Comments
Give Quiz Kudos
Give Quiz Kudos
-
- Ratings
hide this ad
More Info
Replay
Link that replays current quiz
Next Quiz
Link to next quiz in quiz playlist
You Got
0%
They Got
Avg Score
49%
Avg Friend Score
Upgrade to see
Score Distribution
Jump to the score distribution portion of the page
Score
0/19
Timer
10:00
0
Plays Today
Invention or Discovery
Name
% Correct
die Relativitätstheorie
Albert Einstein
87.7%
die Alzheimer Krankheit
Alois Alzheimer
80%
das Zeppelin-
Luftschiff
Graf Ferdinand von Zeppelin
76.9%
der Dieselmotor
Rudolf Diesel
75.4%
die Jeans
Levi Strauss
73.8%
der Kraftwagen
Gottlieb Daimler und Karl Benz
70.8%
der Sportschuh
Adolf Dassler
60%
die Buchdruckerkunst
Johannes Gutenberg
55.4%
die Röntgenstrahlen
Wilhelm C. Röntgen
55.4%
die V2-
und Redstone-
Raketen
Wernher von Braun
49.2%
Invention or Discovery
Name
% Correct
das Alkoholthermometer
Daniel Gabriel Fahrenheit
43.1%
die Mach-
Zahl
Ernst Mach
41.5%
das Milzbrand-
Bakterium
Robert Koch
40%
die elektromagnetische Wellen
Heinrich R. Hertz
30.8%
das Telefon
Philipp Reis
29.2%
Aspirin
Felix Hoffmann
26.2%
der Kühlschrank
Karl von Linde
21.5%
DDT
Paul H. Müller
21.5%
der Schwangerschaftstest
Selmar Aschheim und Bernhard Zondek
10.8%
Quiz Playlist
Details
Report
Send in Message
Add To Playlist
More Info:
For umlauts, simply add an "e" after the letter. (ex. ä = ae, ö = oe) Common nicknames and last names of the people are also accepted.
Classic:
Type in answers that appear in a list
Last Updated: Feb 16, 2017
Quiz Scoreboard
CHALLENGE
Sign Up to Join the Scoreboard
Show All
Scores
Hide
Comments
May contain spoilers
Recently Published
Find the 'City' Movie
by crazypaving
Movies
60s
5x2 Blitz: Bands
by SL_Kpop136
Music
30s
Colored Red Africa Blitz
by spor1
Geography
30s
More to Explore
Quiz From the Vault
Featured Blog Post
14 Easter Pick-up Lines to Find Eggs With
hide this ad
You Might Also Like...
Tags
Discovery Quiz
German Quiz
English
Invention
Inventor
Today's Top Quizzes in Science
Browse Science
hide this ad
Today's Top Quizzes in German
Browse German
Top Contributed Quizzes in Science
1
Windmill: Elements
2
17 TIMES TABLE
3
Glycolysis
4
Square Numbers Scrambled (1-50)
5
Astronomy Spelling Bee
6
'C' Flowers II
7
Vet Tech Pharmacology Drug Contraindications
8
Missing Vowel Minefield: Lanthanides
9
Sorting Squares: Animals by Continent
10
3-letter Elementary Words
Explore More
Trending Topics
Anime
Marvel
Harry Potter
Disney
Kpop
Crossword
NBA
NFL
Song
Puzzle
Pokémon
Country
Soccer
WWE
The Office
hide this ad
More By:
SteffiWeffi
Quiz
Plays
Rating
Category
Featured
Created
German Inventors and Discoverers
65
3.50
Science
Nov 15, 2011
Go to Creator's Profile
Score Distribution
Quiz Creator Spotlight
SteffiWeffi
Follow
Send a Message
Quizzes Created
-
Created Quiz Play Count
-
More By This Creator
Popular Quizzes Today
1
Colored Red Africa Blitz
2
Find the 'City' Movie
3
Find the US States - No Outlines Minefield
4
5x2 Blitz: Bands
5
The Countries of the World
6
Find the US States
7
Find the Countries of Europe - No Outlines Minefield
8
US States
More Science Quizzes
Symbol Cryptogram: Elements VII
Quiz Lab
Trending Quizzes
Colored Red Europe Blitz I
Colored Red Africa Blitz II
Colored Red Europe Blitz II
Colored Red Africa Blitz III
Colored Red Europe Blitz III
Recently Updated
How Do You Spell That?
pecheneg
Godzilla Movies
pecheneg
Grab Bag: 4-10 Letters
pecheneg
2024 March Madness Bracket
pecheneg
Famous TV Couples
Peacemaker
Champions League XIs: Real Madrid
pecheneg
Largest US Cities 1790-2010
pecheneg
Rides in Walt Disney World
pecheneg
Most Oscar Losses (Acting)
pecheneg
Beyoncé Albums
pecheneg
Trending Topics
Crossword
Harry Potter
Disney
Kpop
Anime
Marvel
NBA
Pokémon
WWE
Puzzle
Country
The Office
Song
NFL
Soccer
Your Account Isn't Verified!
In order to create a playlist on Sporcle, you need to verify the email address you used during registration. Go to your
Sporcle Settings
to finish the process.
Report this User
Report this user for behavior that violates our
Community Guidelines
.
Details:
Send Report
Go to the Sporcle.com Mobile Site →
Comments